00357nam a2200133Ia 4500008004100000041000800041082001700049100001800066245004400084250001400128260003800142300003200180365001100212240624s9999 xx 000 0 und d aeng a658.4013 PYZ aPYZDEK THOMAS aSIX SIGMA HANDBOOK A COMPLETE GUIDE FOR a(4th ed.) c2015aNew DelhibTata McGraw-Hill axiii, : 690 : p. : cm. ; 26 cRSb33